Práca s talentovanými študentmi v akademickom prostredí
Analýza práce s talentom (s talentovanými študentmi) v univerzitnom prostredí na vybranej fakulte Ekonomickej univerzity v Bratislave.
Uložené v:
| Hlavný autor: | |
|---|---|
| Ďalší autori: | |
| Médium: | Kapitola |
| Jazyk: | Slovak |
| Predmet: | |
| Tagy: |
Žiadne tagy, Buďte prvý, kto otaguje tento záznam!
|
MARC
| LEADER | 00000naa a2200000 4500 | ||
|---|---|---|---|
| 001 | 0204831 | ||
| 005 | 20240502073423.2 | ||
| 041 | 0 | |a slo | |
| 044 | |a SK | ||
| 245 | 1 | 0 | |a Práca s talentovanými študentmi v akademickom prostredí |c Šimon Lučenič, Ivana Ljudvigová |
| 520 | |a Analýza práce s talentom (s talentovanými študentmi) v univerzitnom prostredí na vybranej fakulte Ekonomickej univerzity v Bratislave. | ||
| 610 | 2 | 0 | |a univerzity |
| 610 | 2 | 0 | |a študenti |
| 610 | 2 | 0 | |a talenty |
| 610 | 2 | 0 | |a riadenie znalostí |
| 100 | 1 | |a Lučenič, Šimon | |
| 700 | 1 | |a Ljudvigová, Ivana | |